| 000 | 00674nam a2200253Ia 4500 | ||
|---|---|---|---|
| 003 | OSt | ||
| 005 | 20221006143408.0 | ||
| 006 | a|||||r|||| 00| 0 | ||
| 007 | ta | ||
| 008 | 221006b |||||||| |||| 00| 0 eng d | ||
| 020 | _c2178.00 | ||
| 024 | _a8,848 | ||
| 037 | _cTextual | ||
| 040 |
_aEASL _cEASL _beng |
||
| 041 |
_2eng _aeng |
||
| 082 | _aX.410j44.N1, N2 | ||
| 100 | _aBhalla A. S. | ||
| 245 | 0 |
_aUneven development in the Third World _b A study of China and India |
|
| 260 |
_aLondon _bMacmillan _c1992 |
||
| 300 |
_a353p. _ccm. |
||
| 490 | _v CEL | ||
| 942 |
_hX.410j44.N1, N2 _cTEXL _2CC |
||
| 999 |
_c1076934 _d1076934 |
||